000 00603nam a2200193Ia 4500
003 GCL
008 140319s9999 xx 000 0 ara d
040 _aGCL /
_cGCL
082 0 4 _a415.1
_bع م
100 1 _aعلى توفيق الحمد
245 1 0 _aالمعجم الوافى فى ادوات النحو العربى /
_cعلى توفيق الحمد
700 1 _aيوسف جميل الزغبى
260 _a[S.N] :
_bدار الامل للنشر والتوزيع ،
_c1993
300 _a416 ص
490 _a
650 0 4 _aالنحو
650 0 4 _aاللغة العربية
942 _2ddc
_cBK
999 _c35088
_d35088